1220 1976 1804 1951 1829 1162 1143 1271 1451 1124 1550 1252 1583 1807 1224 1093 1105 1067 1721 1300 1281 1157 1715 1172 1073 1369 1972 1452 1631 1053 1297 1300 1215 1311 1385 1484 1074 1090 1070 1955 1560 1767 1944 1085 1477 1431 1286 1175 1098 1437 1098 1150 1563 1962 1505 1777 1238 1596 1762 1758 1821 1012 1920 1608 1675 1503 1966 1945 1895 1161 1822 1464 1482 1242 1742 1482 1189 1670 1682 1127 1322 1128 1284 1817 1980 1578 1917 1862 1103 1641 1104 1408 1618 1403 1355 1656 1160 1965 1858 BCNSPRNW ULIB Ver.6.0+V

เปลี่ยนเป็นภาษาไทย

Change to English
 แสดงรายละเอียดบรรณานุกรม
  กลับหน้าหลัก

Brief Record : Get Marc (ISO 2709) : E-mail record : QR code < ปิดหน้าต่าง
LEADER : 00000nam 2200000uu 4500
001    13399121733
003     ULIB
008    121203s2555||||th 000 0 tha d
020    9789747528428
050  4 H62^bส234ก
100 0  สมคิด พรมจุ้ย
245 00 การเขียนรายงานการวิจัย^cสมคิด พรมจุ้ย
260    นนทบุรี :^bจตุพร,^c2555
300    324 หน้า
650  0 การวิจัย
945    ^p220^l0^i033165
995    เกษณ
999    ^aใช้งานได้ทุกระบบ
รายการนี้ยังไม่มีแท็ก
คุณยังไม่ได้ล็อกอิน คุณสามารถมีกิจกรรมร่วมกับเว็บไซต์ได้ แต่ต้องล็อกอินก่อน ::
  ล็อกอิน

รายการสื่อสารสนเทศ

ลำดับที่ ประเภท เลขเรียก/บาร์โค้ด สถานที่ สถานะ
1. วิทยาศาสตร์การแพทย์ และสุขภาพ
หนังสือสำรอง
สถานะ=หนังสือสำรอง
H62 ส234ก ฉ.1 
  Barcode: 033165
ห้องสมุดวิทยาเขตสวรรค์ประชารักษ์
►หนังสือทั่วไป
บนชั้น

รายการใกล้เคียง
    หัวเรื่อง [การวิจัย]

BibComment


ยังไม่เคยถูกคอมเมนท์

คอมเมนท์ทรัพยากรรายการนี้
  คอมเมนท์: การเขียนรายงานการ..


 Copyright 2026. Bcnsprnw @Library